000 00620nam a2200193Ia 4500
005 20260601193251.0
008 260601s9999||||xx |||||||||||||| ||und||
020 _a978-3-031-63265-5
_qebk
100 _aTon van Kollenburg
245 0 _aChallenging the Future with Lean
250 _a2024
260 _aHeidelberg, Germany
_bSpringer Nature
_c2024
440 _aIFIP Advances in Information and Communication Technology
650 _aComputer Science
700 _aAlinda Kokkinou
700 _aOlivia McDermott
856 _uhttps://link.springer.com/openurl?genre=book&isbn=978-3-031-63265-5
942 _cEB
_2ddc
999 _c56724
_d56724